000 00627nam a2200229 a 4500
001 52203
003 BD-RJUL
005 20211209075752.0
008 160906s1951 sy 000 0 und d
035 _a(BD-RJUL)52323
040 _aEQO
_cEQO
_beng
_dBD-RJUL
041 _aeng
082 _223
_a531
_bBUI 1951
100 1 0 _aBullen, K. E.
_d1906-.
_9156149
245 1 3 _aAn introduction to the theory of mechanics /
_cK. E. Bullen
250 _a2nd ed.
260 _aScience press :
_bSydney,
_c1951
300 _axvi, 368 p. :
_bill . ;
_c24 cm.
500 _aInclude index
650 _aMechanics.
_9156150
942 _2ddc
_cBK
999 _c52203
_d52203